Contribuição ao sistema Tribunais de contas em tempos de coronavirus : (Record no. 1491)

MARC details
000 -LÍDER
Campo Fixo de Controle 01058nam a2200241 a 4500
001 - NÚMERO DE CONTROLE
Campo de Controle 1491
003 - IDENTIFICAÇÃO DO NÚMERO DE CONTROLE
Campo de Controle BR-CuiBMT
005 - DATA E HORA DA ÚLTIMA ATUALIZAÇÃO
Campo de Controle 20231214124846.0
008 - DADOS FIXOS
Dados Fixos 231212s2020 goba 000 0 por d
040 ## - AGÊNCIA CATALOGADORA
Código da Agência Catalogadora BR-CuiBMT
Agência que transcreveu o registro BR-CuiBMT
080 ## - Nº DA CLASSIFICAÇÃO DECIMAL UNIVERSAL
Nº edição CDU 2007
Nº Class. CDU 347.991:616-036.21
090 ## - NÚMERO DE CHAMADA
Nº classificação 347.991:616-036.21
Cutter C764
245 00 - TÍTULO PRINCIPAL
Título principal Contribuição ao sistema Tribunais de contas em tempos de coronavirus :
Subtítulo pareceres técnicos das comissões especiais - CNPTC /
Indicação de responsabilidade Priscila Kelly F. P. Borges (coordenação.).
260 ## - PUBLICAÇÃO, DISTRIBUIÇÃO, ETC.
Local de publicação Goiânia :
Editora CNPTC,
Data 2020.
300 ## - DESCRIÇÃO FÍSICA
N. páginas ou volumes 174 p. :
Ilustrações il.
Dimensões 27 cm
500 ## - NOTAS GERAIS
Notas gerais Esta obra apresenta estudos e pesquisas sobre temas relevantes no período da pandemia do coronavírus, oferecendo possíveis soluções para a atuação do controle externo coerentes com a atipicidade do momento. Também disponível na página do CNPTC na Internet.
504 ## - NOTA DE BIBLIOGRAFIA, ETC.
Nota de bibliografia Inclui bibliografia.
650 ## - ASSUNTO TÓPICO
Cabeçalho tópico ou nome geográfico Controle externo
650 ## - ASSUNTO TÓPICO
Cabeçalho tópico ou nome geográfico Covid-19
650 ## - ASSUNTO TÓPICO
Cabeçalho tópico ou nome geográfico Tribunais de contas
700 ## - ENTRADA SECUNDÁRIA -- NOME PESSOAL
Nome pessoal Borges, Priscila Kelly F. P.
Cód. do termo explicativo coord.
942 ## - ELEMENTOS DE ENTRADA ADICIONAIS (KOHA)
Fonte de classificação ou esquema de arquivamento Classificação Decimal Universal
Tipo de item do Koha Livros
Holdings
Estado: removido Estado: perdido Fonte de classificação ou esquema de arquivamento Estado: danificado Indisponível para empréstimo Localização permanente Localização atual Data de aquisição Total Checkouts Número de Chamada completo Código de barras Date last seen Número do exemplar Preço efetivo a partir de Tipo de item (Koha)
    Classificação Decimal Universal     Biblioteca da Escola Superior de Contas do TCE/MT Biblioteca da Escola Superior de Contas do TCE/MT 12/12/2023   347.991:616-036.21 C764 BIBTCEMT23120395 12/12/2023 Ex. 1 12/12/2023 Livros

Powered by Koha